[Event "Riadh Rapid op"]
[Site "Riadh"]
[Date "2023.03.18"]
[Round "7"]
[White "Algubaishi, Afnan Hassan"]
[Black "Al Awad, Naser"]
[Result "0-1"]
[WhiteElo "1393"]
[BlackElo "1404"]
[PlyCount "36"]
[EventDate "2023.03.17"]
[EventType "swiss (rapid)"]
[EventRounds "9"]
[EventCountry "SAU"]
[SourceTitle "CBM 213 Extra"]
[Source "ChessBase"]
[SourceDate "2023.05.31"]
[SourceVersion "1"]
[SourceVersionDate "2023.05.31"]
[SourceQuality "1"]

1. e4 e5 2. Nf3 Nc6 3. d4 exd4 4. Nxd4 d6 5. Bb5 Bd7 6. Nc3 Nf6 7. Bg5 Be7 8. Be3 h6 9. Qd2 a6 10. Be2 Ne5 11. h3 c5 12. Nf5 Bxf5 13. exf5 d5 14. Bf4 Nc6 15. 0-0-0 d4 16. Nb1 Ne4 17. Qe1 Nb4 18. Bf3 Nxa2# 0-1